000 00183nam a2200085Ia 4500
008 170617s9999 xx 000 0 und d
100 _aMerck
245 4 _aThe merck Manual
260 _bElesvir Pub
260 _c2006
999 _c15364
_d15364